|
|
|
|
| LEADER |
00000cam a2200000 i 4500 |
| 001 |
1/14532 |
| 008 |
001205s1999 gw | ||| |||| ||eng|| |
| 020 |
|
|
|a 3822866172
|
| 035 |
|
|
|l 10065035
|
| 040 |
|
|
|a GR-MyUa
|b gre
|e AACR2
|
| 041 |
0 |
|
|a eng
|a ger
|a fre
|
| 082 |
7 |
|
|a 700.92
|2 (22)
|
| 100 |
1 |
|
|a Fiell, Charlotte,
|d 1965-
|
| 245 |
1 |
0 |
|a William Morris (1834-1896) /
|c Charlotte and Peter Fiell.
|
| 260 |
|
|
|a Köln :
|b Taschen,
|c c1999.
|
| 300 |
|
|
|a 175 σ. :
|b εικ. ;
|c 32 εκ.
|
| 504 |
|
|
|a Βιβλιογραφία: σ. 174-175.
|
| 546 |
|
|
|a Κείμενο στα Αγγλικά, Γερμανικά και Γαλλικά.
|
| 600 |
1 |
0 |
|a Morris, William,
|d 1834-1896.
|
| 600 |
1 |
0 |
|a Morris, William,
|d 1834-1896
|x Influence.
|
| 650 |
|
0 |
|a Arts and crafts movement
|z Great Britain.
|
| 700 |
1 |
|
|a Fiell, Peter.
|
| 852 |
|
|
|a INST
|b SYROS
|e 20001205
|h 700.92 MOR
|p 005500002238
|q 005500002238
|t BK
|y 0
|
| 901 |
|
|
|a BIBL5-2000-3
|
| 922 |
|
|
|a 5ΕΛΗ
|b 200010
|c Βιβλιοθήκη
|d Μιχαλόπουλος
|
| 970 |
|
|
|a Πουρνάρας
|b Δημήτρης
|z 05/12/2000
|